00556nam a2200193Ia 4500008004100000020001800041082001300059100002600072245001600098250000600114260003900120300001800159500002400177650001600201700002800217942000700245952009300252999001700345230524s9999 xx 000 0 und d a9789380026671 a621bKIS aK.Lal Kishore 943003 0aVLSI Design a1 aNew DelhibI.K.Internationalc2013 a"XVIII,389p;" aQuantity Number: 1 aElectronics aV.S.V. Prabhakar943004 cBK 00104070aTATCLbTATCLcGENd2023-05-24l0o621 KISp54241r2023-05-24w2023-05-24yBK c57950d57950